Регионална библиотека "Любен Каравелов" - Русе

Ключ на французката граматика за българите или Превод на темите, които се съдържат в тази граматика (Запис номер 332715)

MARC детайли
000 -Лидер
Контролно поле с фиксирана дължина nam a22 a 4500
003 - Код на организацията, давaща контролен номер
Контролно поле BLK
005 - Дата и час на последна редакция
Контролно поле 20201020152237.0
008 - Елементи от данни с фиксирана дължина
fixed length control field 180411b bul|||||r ||||||| ||bul||
010 ## - Наследен системен номер
LC control number KNG00191602000
040 ## - Източник на каталожния запис
Идентификатор на билиотеката - собственик на записа BLK
041 ## - Код за език
Код за езика на текст/звукозапис или на отделно заглавие Български
Код за езика КДБФ Български
080 ## - УДК
Текстов определител УДК Френски език
УДК код - определител по УДК 811.133.1
УДК определител -5
УДК - код + определител 811.133.1-5
100 ## - Редна дума - Автор
Автор Генадиев, Харитон Иванов
R(LIN) 395074
139 ## - Редно поле
Редна дума Генадиев, Харитон Иванов
Авторски знак Ген - Г 29
245 10 - Сведения за заглавието
Заглавие Ключ на французката граматика за българите или Превод на темите, които се съдържат в тази граматика
Редно поле (дума) Харитон Иванов Генадиев
Подзаглавни данни според Павла Фукс
246 ## - Различни форми на заглавието
Паралелно заглавие Clef de la grammaire francaise à l'usage des bulgares ou Traduction des thémes contenus dans cet ouvrage
Подзаглавни данни Composé d'après le professeur Paul Fuchs
257 ## - Страна на издаване
Страна на създаване/издаване България
260 ## - Област на издателските данни
Място на издаване, разпространение и проч. Пловдив
Име на издателя, разпространителя и проч. Пловдив : Христо Г. Данов
Година на издаване 1895
9 (RLIN) 212815
300 ## - Физическа характеристика
Страници 111 с.
Размери/Мащаб 20 см
380 ## - Жанр
Жанр Езикознание. Филология
490 ## - СЕРИИ (Колекции)
9 (RLIN) 395075
Име на серия Оллендорфова метода
490 ## - СЕРИИ (Колекции)
9 (RLIN) 435080
Име на серия Колекция Редки и ценни издания
650 #4 - Допълнително описание по предмет – тема
Основно описание – тема или топоним Френски език - граматика
9 (RLIN) 255761
653 ## - Ключова дума – ненормативна
Ключова дума френски език
653 ## - Ключова дума – ненормативна
Ключова дума граматика
852 ## - Местоположение
Форматна сигнатура Рб 895
Фондова буква Редки и ценни
856 4# - Електронен адрес и достъп
Електронен формат pdf - файл
856 4# - Електронен адрес и достъп
Електронен формат pdf - файл
999 ## - СИСТЕМНИ КОНТРОЛНИ НОМЕРА
Koha biblionumber 332715
Koha biblioitemnumber 332715
942 ## - АРТИКУЛИ
Вид на библиотечния материал Книги
Скрит в OPAC Не
Периодичен библиозапис Да
944 ## - СЪЗДАВАНЕ И РЕДАКЦИЯ на ЗАПИСА
Създаване/Редакция Създаване
Дата на регистрацията/редакция 05.10.2016
Служител, извършил регистрацията/редакцията Правда_Бадева
944 ## - СЪЗДАВАНЕ И РЕДАКЦИЯ на ЗАПИСА
Създаване/Редакция Редакция
Дата на регистрацията/редакция 05.10.2016
Служител, извършил регистрацията/редакцията Правда_Бадева
999 ## - СИСТЕМНИ КОНТРОЛНИ НОМЕРА
Koha biblioitemnumber 332715
999 ## - СИСТЕМНИ КОНТРОЛНИ НОМЕРА
Koha biblioitemnumber 332715
999 ## - СИСТЕМНИ КОНТРОЛНИ НОМЕРА
Koha biblioitemnumber 332715
999 ## - СИСТЕМНИ КОНТРОЛНИ НОМЕРА
Koha biblioitemnumber 182677
Наличности
Код за отписване Код за изгубен артикул Източник на класификационната схема Код за повреда Коз за рестрикции Код за отдаване Артикулен № Име на библиотеката - собственик Име на библиотеката, в която се намира в момента Статус (Текущо местоположение) Дата на вписване в системата Местоположение - отдел Цена в лева Систематично азбучна сигнатура Баркод Цена в евро Служебен тип на артикула
  Не е изгубен Universal Decimal Classification Не е повреден само за читалня Специални фондове ( старопечатни, редки и ценни, фонд М. Арнаудов) 729981 Регионална библиотека "Любен Каравелов" Русе Регионална библиотека "Любен Каравелов" Русе Редки и ценни 2019-07-11 Редки и ценни 1.00 Рб 895 120000833750 0.51 Книги
Vip Innovations Ltd, Rousse, Bulgaria 2025